Normal view
MARC view
Entry Personal Name
001 - CONTROL NUMBER
- control field: 556202
003 - CONTROL NUMBER IDENTIFIER
- control field: OSt
005 - DATE AND TIME OF LATEST TRANSACTION
- control field: 20220930094743.0
008 - FIXED-LENGTH DATA ELEMENTS
- fixed length control field: 220930|| aca||aabn | a|a d
040 ## - CATALOGING SOURCE
- Original cataloging agency: OSt
- Transcribing agency: OSt
100 ## - HEADING--PERSONAL NAME
- Personal name: दिल्ली विश्वविद्यालय. कला संकाय. राजनीति विज्ञान विभाग
670 ## - SOURCE DATA FOUND
- Source citation: Work cat.: (OSt)887618: सुनीता, ले., भारतीय संघवाद के अन्तर्गत स्वायत्तता की मांगें, 2012
